Contractors drink the dregs as state work starts to dry up (Record no. 82766)

MARC details
000 -LEADER
fixed length control field 00941cab a22001935a 4500
001 - CONTROL NUMBER
control field L151317
008 - FIXED-LENGTH DATA ELEMENTS--GENERAL INFORMATION
fixed length control field 101021e20101015xxk 000 0 eng d
035 ## - SYSTEM CONTROL NUMBER
System control number (Sirsi) u151317
041 0# - LANGUAGE CODE
Language code of text/sound track or separate title eng
100 1# - MAIN ENTRY--PERSONAL NAME
Personal name Glackin, Michael
245 00 - TITLE STATEMENT
Title Contractors drink the dregs as state work starts to dry up
Remainder of title business barometer
-- Kier tops work table again, but with vastly reduced value
260 ## - PUBLICATION, DISTRIBUTION, ETC.
Date of publication, distribution, etc. 2010
490 ## - SERIES STATEMENT
Series statement Building
Volume/sequential designation 275 (8650) 15 October 2010, 18-19(2)
520 ## - SUMMARY, ETC.
Summary, etc. Commentary on the top contractors' workloads; league tables of top contractors excluding and including civils monthly work won in September 2010; yearly work won October 2009-September 2010; top architects, top clients/promoters and top quantity surveyors number of projects and their total value October 2009-September 2010; data from Barbour ABI.
590 ## - LOCAL NOTE (RLIN)
Local note KA
651 #4 - SUBJECT ADDED ENTRY--GEOGRAPHIC NAME
Geographic name United Kingdom
Chronological subdivision
690 ## - LOCAL SUBJECT ADDED ENTRY--TOPICAL TERM (OCLC, RLIN)
Topical term or geographic name as entry element BUILT ENVIRONMENT-CONSTRUCTION MARKET
942 ## - ADDED ENTRY ELEMENTS (KOHA)
Suppress in OPAC 0
Holdings
Withdrawn status Lost status Source of classification or shelving scheme Damaged status Not for loan Home library Current library Shelving location Date acquired Total Checkouts Full call number Barcode Date last seen Copy number Price effective from Koha item type
    Dewey Decimal Classification     London London Journal article 21/10/2010   L151317 151317-1001 06/08/2019 1 06/08/2019 Journal article